Spell the Marvel Character #344 - Statistics

General Stats
  • This quiz has been taken 15 times
  • The average score is 8 of 10
Answer Stats
Picture Answer % Correct
Captain Marvel
100%
Iron Man
100%
Old Man Logan
93%
Spider-Woman
93%
Emma Frost
86%
Lockjaw
86%
Redwing
79%
Rockslide
71%
Kahhori
57%
Darkstar
43%
No matching quizzes found
Score Distribution
Percent of People with Each Score
Percentile by Number Answered
Your Score History
You have not taken this quiz